| 000 | 00995nas a2200313 4500 | ||
|---|---|---|---|
| 001 | BR2012003473 | ||
| 003 | BR-BrBNA | ||
| 005 | 20231205120741.0 | ||
| 007 | ta | ||
| 008 | 230509b bl.|||p| |||| 00| 00por d | ||
| 040 |
_aBR-BrBNA _bpor _cBiblioteca Nacional de Agricultura |
||
| 041 | _a(Pt) | ||
| 072 | _aF06 | ||
| 100 | 1 | _aLima Junior, J.A. | |
| 100 | 1 | _aPereira, G.M. | |
| 100 | 1 | _aGeisenhoff, L.O. | |
| 100 | 1 | _aSilva, W.G. da | |
| 100 | 1 | _aVilas Boas, R.C. | |
| 100 | 1 | _aSouza, R.J. de | |
| 245 | 1 | _aDesempenho de cultivares de cenoura em função da água no solo | |
| 650 | _aDAUCUS CAROTA | ||
| 650 | _aPRODUTIVIDADE | ||
| 650 | _aIRRIGAÇÃO LOCALIZADA | ||
| 650 | _aTENSIÔMETRO | ||
| 773 | 0 |
_tRevista Brasileira de Engenharia Agrícola e Ambiental (Brazil) _xISSN 1807-1929 _g(May 2012), v.16(5) p. 514-520 _wBR2012003473 |
|
| 856 | 4 | 0 | _uhttp://www.agriambi.com.br/revista/v16n05/v16n05a07.pdf |
| 909 |
_a202311 _bLúcia _c55 _dLúcia Elande |
||
| 942 |
_2AGRIS _n0 _cANA |
||
| 999 |
_c220112 _d220112 |
||